Alphabet militaire - Statistiques

Statistiques générales
  • Ce quiz a été pris 256 fois
  • Le résultat moyen est 14 sur 26
Statistiques - réponses
Hint Réponse % Correct
A Alpha
99%
C Charlie
90%
D Delta
85%
B Bravo
75%
E Echo
64%
F Foxtrot
62%
T Tango
62%
P Papa
56%
H Hotel
53%
L Lima
52%
R Romeo
52%
J Juliet
51%
G Golf
49%
K Kilo
49%
Z Zulu
49%
I India
48%
X X-Ray
47%
N November
46%
O Oscar
46%
M Mike
44%
S Sierra
43%
Y Yankee
42%
Q Quebec
41%
U Uniform
41%
W Whiskey
39%
V Victor
37%
Aucun quiz correspondant
Distribution des résultats
% des personnes avec chaque résultat
Percentile par nombre de réponses
Votre historique - résultats
Vous n’avez pas pris ce quiz